000 00977nam a2200205Ia 4500
999 _c38093
_d38093
001 4081
003 GE_BSU
005 20191007154637.0
008 181216s1964||||ge |||||||||||||| ||geo||
040 _cGE_BSU
041 _ageo
080 _a39(479.22) +94(479.22) ნ-69
100 _aნიჟარაძე, ბესარიონ
_94171
245 _aისტორიულ–ეთნოგრაფიული წერილები :
_bთავისუფალი სვანი. ტ. 2 /
_cა. შანიძის წინასიტყვ. ; ბოლოსიტყვ. ალ. რობაქიძის რუს. ენ.
264 _aთბილისი :
_bთბილისის უნ–ტის გამ–ბა,
_c1964.
300 _a231 გვ.;
_b20 სმ.
653 _aსვანების ეთნოგრაფია
700 _aრობაქიძე, ალ.
_eრედაქტორი
_94172
942 _cBK
_2udc